[Event "AUTO-OPEN-608"]
[Site "http://www.queenalice.com/game.php?id=191042"]
[Date "2007.4.3"]
[Round "1"]
[White "sora07"]
[Black "zawodnik"]
[Result "0-1"]
[WhiteElo "1576"]
[BlackElo "1840"]

1. Nf3 e5 2. Nxe5 d5 3. d4 c5 4. dxc5 Bxc5 5. Nd3 Bb6 6. e3 Nf6 7. Be2 O-O 8.
O-O Nc6 9. Nc3 Re8 10. Bd2 d4 11. exd4 Nxd4 12. a3 Nxe2+ 13. Nxe2 Bg4 14. Re1
Ne4 15. b4 Nxf2 16. Nxf2 Qh4 17. g3 Bxf2+ 18. Kxf2 Qxh2+ 19. Kf1 Bh3# 0-1

[Event "AUTO-OPEN-608"]
[Site "http://www.queenalice.com/game.php?id=191043"]
[Date "2007.4.3"]
[Round "1"]
[White "zawodnik"]
[Black "sora07"]
[Result "1-0"]
[WhiteElo "1934"]
[BlackElo "1600"]

1. g3 e5 2. c4 Nf6 3. d4 exd4 4. Nf3 Nc6 5. Nxd4 Nxd4 6. Qxd4 Be7 7. Bg2 O-O 8.
O-O d6 9. Nc3 c5 10. Qd3 Rb8 11. e4 Bd7 12. h3 b6 13. Bf4 Be6 14. Nd5 Nxd5 15.
exd5 Bd7 16. a4 Bf6 17. Bxd6 Bxb2 18. Ra2 Bf5 19. Qxf5 g6 20. Qf4 Bg7 21. Bxb8
Qxb8 22. Qxb8 Rxb8 23. Rd1 Rd8 24. d6 Bf8 25. Rad2 Kg7 26. d7 Be7 27. Re2 Bf6
28. Re8 Rxe8 29. dxe8=Q a5 30. Rd7 Bd4 31. Qxf7+ Kh8 32. Qxh7# 1-0

[Event "Challenge"]
[Site "http://www.queenalice.com/game.php?id=204094"]
[Date "2007.4.29"]
[Round "-"]
[White "toldowisk"]
[Black "zawodnik"]
[Result "1-0"]
[WhiteElo "1948"]
[BlackElo "1918"]

1. c4 g6 2. d4 Bg7 3. Nc3 d6 4. Nf3 e6 5. e4 Ne7 6. Be2 O-O 7. O-O Nbc6 8. Bf4
e5 9. dxe5 dxe5 10. Bg3 Be6 11. Nd5 f5 12. Qc2 fxe4 13. Nxe7+ Qxe7 14. Qxe4 Bf5
15. Qd5+ Rf7 16. Bh4 Bf6 17. Bxf6 1-0

[Event "Challenge"]
[Site "http://www.queenalice.com/game.php?id=206988"]
[Date "2007.5.6"]
[Round "-"]
[White "technicaldraw"]
[Black "zawodnik"]
[Result "1-0"]
[WhiteElo "2077"]
[BlackElo "1942"]

1. e4 e6 2. d4 d5 3. Nc3 Nf6 4. Bg5 Be7 5. e5 Nfd7 6. Bxe7 Qxe7 7. f4 Nc6 8. Nf3
Nb6 9. Qd2 Bd7 10. Be2 O-O 11. a3 Na5 12. Nxd5 1-0

[Event "Challenge"]
[Site "http://www.queenalice.com/game.php?id=222634"]
[Date "2007.6.8"]
[Round "-"]
[White "GildemarSantos"]
[Black "zawodnik"]
[Result "1-0"]
[WhiteElo "2044"]
[BlackElo "1892"]

1. e4 e6 2. d4 d5 3. Nd2 Nf6 4. e5 Ne4 5. Nxe4 dxe4 6. Be3 c5 7. c3 cxd4 8. Bxd4
Nc6 9. Ne2 Be7 10. g3 O-O 11. Bg2 Qc7 12. O-O Nxe5 13. Bxe4 Rd8 14. Qc2 f5 15.
Bg2 Nc6 16. Be3 Nb4 17. Qb1 Nd5 18. Bc1 b6 19. Re1 1-0

[Event "AUTO-OPEN-608"]
[Site "http://www.queenalice.com/game.php?id=299511"]
[Date "2007.11.7"]
[Round "2"]
[White "rodolfomaiche"]
[Black "zawodnik"]
[Result "0-1"]
[WhiteElo "1739"]
[BlackElo "1736"]

1. d4 Nf6 2. Nc3 d5 3. g3 Bf5 4. Bf4 e6 5. Nb5 Na6 6. a3 Be7 7. Nf3 c6 8. Nc3
O-O 9. Bg2 Nh5 10. Be3 Bd6 11. Bg5 f6 12. Be3 Qc7 13. O-O Rae8 14. h3 Bg6 15.
Bd2 e5 16. g4 e4 17. gxh5 exf3 18. Bxf3 Bf5 19. Kg2 Qd7 20. Kh1 Bxh3 21. Rg1 Qf5
22. e3 Bf1 23. Bg2 Qxf2 24. Be1 Bxg2+ 0-1

[Event "AUTO-OPEN-608"]
[Site "http://www.queenalice.com/game.php?id=299512"]
[Date "2007.11.7"]
[Round "2"]
[White "zawodnik"]
[Black "rodolfomaiche"]
[Result "0-1"]
[WhiteElo "1754"]
[BlackElo "1722"]

1. d4 e6 2. e4 d5 3. e5 c5 4. dxc5 Bxc5 5. Bd3 Nc6 6. Nf3 h6 7. O-O Qc7 8. Nc3
Nxe5 9. Nxe5 Qxe5 10. Bb5+ Bd7 11. Re1 Qd6 12. a3 Nf6 13. Bxd7+ Qxd7 14. b4 Bd6
15. Bb2 O-O 16. Qf3 Rac8 17. Rac1 Rc4 18. Ne2 Ne4 19. Qg4 g6 20. Kh1 Nxf2+ 0-1

[Event "AUTO-OPEN-608"]
[Site "http://www.queenalice.com/game.php?id=299517"]
[Date "2007.11.7"]
[Round "2"]
[White "R_Mutt"]
[Black "zawodnik"]
[Result "1-0"]
[WhiteElo "2319"]
[BlackElo "1746"]

1. e4 e6 2. d4 d5 3. e5 b6 4. Nf3 Qd7 5. c3 Ne7 6. a4 a5 7. Na3 Ba6 8. Nb5 Nc8
9. Bd3 c6 10. Na3 Be7 11. Nc2 Bxd3 12. Qxd3 b5 13. axb5 cxb5 14. O-O O-O 15. b3
f5 16. Nd2 Qb7 17. f4 Nc6 18. Bb2 N8a7 19. g4 fxg4 20. Qg3 h5 21. h3 gxh3 22.
Qxh3 Qd7 23. Qxh5 Rac8 24. Ne3 Rc7 25. Qg6 Qe8 26. Qxe6+ Rf7 27. Nxd5 Rd7 28.
Ne4 Rd8 29. c4 bxc4 30. bxc4 Nb4 31. Rxa5 Nac6 32. Rb5 Nxd5 33. Rxd5 Rxd5 34.
Qxd5 Nb4 35. Qe6 Kf8 36. Nd6 Bxd6 37. Qxd6+ 1-0

[Event "AUTO-OPEN-608"]
[Site "http://www.queenalice.com/game.php?id=299518"]
[Date "2007.11.7"]
[Round "2"]
[White "zawodnik"]
[Black "R_Mutt"]
[Result "0-1"]
[WhiteElo "1744"]
[BlackElo "2331"]

1. d4 d5 2. c4 e5 3. dxe5 d4 4. Nf3 Nc6 5. Nbd2 Be6 6. g3 Qd7 7. Bg2 O-O-O 8.
O-O h5 9. Qa4 Kb8 10. Rd1 Bg4 11. Nb3 Be7 12. Bf4 h4 13. Nxh4 Nxe5 14. Qxd7 Nxd7
15. Rxd4 Bxh4 16. gxh4 Ngf6 17. e3 Kc8 18. c5 c6 19. Bg3 Be6 20. Bd6 Rh5 21. Bf3
Rf5 22. Bg2 Ne5 23. Rad1 Nf3+ 24. Bxf3 Rxf3 25. Ra4 Bxb3 26. axb3 a6 27. Rad4
Rf5 28. Kg2 Rd5 29. Rxd5 Nxd5 30. e4 Nf4+ 31. Kf1 Ne6 32. b4 Rh8 33. Bg3 Rh5 34.
Ke2 a5 0-1